| 000 | 00405nam a2200145Ia 4500 | ||
|---|---|---|---|
| 008 | 230411s9999 xx 000 0 und d | ||
| 020 | _a0-323-02888-8 | ||
| 041 | _aeng | ||
| 082 | _aF/616.075/SEI/BAL/B03903 | ||
| 100 |
_aSeidel Henry & Ball Jane _9177992 |
||
| 245 | _aMosbys Guide to Physical Examination | ||
| 260 |
_bMosby Elsevier _aSt Louis _c2006 |
||
| 300 | _a1011p | ||
| 999 |
_c154691 _d154691 |
||